LEADER 01460nam a2200253 u 4500 001 000000065338 003 CaOOAMICUS 005 20070226121444.0 008 011205s1887 bl u000 u fre u 035 $a10912800 040 $aPUL(R)$bita 100 1 $aTeixeira Mendes, R.$0(OLS)http://pul/name/44022 245 13$aLa philosophie chimique d'après Auguste Comte :$bindications générales sur la théorie positiviste des phénomènes de composition et de decomposition suives d'une appréciation sommaire de l'Etat actuel de la chimie /$cpar R. Teixeira Mendes. 260 $aRio de Janeiro :$bAu Siège du Centre Positiviste,$c1887. 300 $a251 p. ;$c18 cm 500 $a"Distribution gratuite". 500 $aIn testa al front.: Centre positiviste du Brésil. 600 14$aComte, Auguste,$d1798-1857$xFilosofia.$0(OLS)http://pul/subject/7809 650 4$aChimica.$0(OLS)http://pul/subject/22633 850 $aPUL 852 $aPUL$W1$xDP1 Antico 800$y27$m89 E 33$j84623$nBK-PRI$b $qStampati Antico$B84623$CPULBib$Z2$F84623 $H $81 941 1 $a15 996 $6245$aLa philosophie chimique d'après Auguste Comte :$bindications générales sur la théorie positiviste des phénomènes de composition et de decomposition suives d'une appréciation sommaire de l'Etat actuel de la chimie$9(OLS)http://pul/title/86927 996 $6260$aRio de Janeiro :$bAu Siège du Centre Positiviste$9(OLS)http://pul/publisher/71124 LEADER 01348nam a2200289 a 4500 001 000000135877 003 CaOOAMICUS 005 20131022104934.0 008 131022s2013 it 000 u ita r 020 $a978-88-6737-004-7 040 $aPUL$bita 082 04$a262.52 100 1 $aFontana, Stefano.$0(OLS)http://pul/name/33225 245 13$aIl Concilio restituito alla Chiesa :$bdieci domande sul Vaticano II /$cStefano Fontana ; prefazione di S.E. Mons. Giampaolo Crepaldi. 260 $aTorino :$bLa Fontana di Siloe,$c©2013. 300 $a190 p. ;$c21 cm. 611 24$aConcilium Vaticanum$n(2 :$d1962-1965)$xCritica e interpretazione.$0(OLS)http://pul/subject/2088 650 4$aEcclesiologia$ySec. XX.$0(OLS)http://pul/subject/18902 700 1 $aCrepaldi, Giampaolo,$cvesc. di Bisarcio.$0(OLS)http://pul/name/33151 850 $aPUL 852 $aPUL$W1$xSL Religione 3$y85$m262. 52 FONST 1$j156700$qDDC 21$B156041$CPULBib$Z2$F156041 $H123049 $82 941 1 $a9 996 $6020$a978-88-6737-004-7$9(OLS)http://pul/number/153787 996 $6082$a262.52$9(OLS)http://pul/classification/356 996 $6245$aIl Concilio restituito alla Chiesa :$bdieci domande sul Vaticano II$9(OLS)http://pul/title/171784 996 $6260$aTorino :$bLa Fontana di Siloe$9(OLS)http://pul/publisher/82518